What is the language of these first names? - Statistics

General Stats
  • This quiz has been taken 71 times
  • The average score is 14 of 25
Answer Stats
Hint Answer % Correct
Scarlet English
89%
Marcos Spanish
87%
Paulo Portuguese
77%
Phong Vietnamese
76%
Xiaoyu Chinese
74%
Efthýmios Greek
73%
Guðmundur Icelandic
73%
Bianca Italian
71%
Öykü Turkish
68%
Grzegorz Polish
65%
Väinö Finnish
63%
György Hungarian
61%
Slobodan Serbian
56%
Jacob Hebrew
55%
Takefusa Japanese
55%
Bilal Arabic
52%
Jindřich Czech
52%
Jaap Dutch
52%
Xhevat Albanian
37%
Tangaroa Maori
37%
Biraj Hindi
35%
Dumitra Romanian
27%
Bauyrzhan Kazakh
23%
Andranik Armenian
13%
Levan Georgian
11%
No matching quizzes found
Score Distribution
Percent of People with Each Score
Percentile by Number Answered
Your Score History
You have not taken this quiz